| 000 | 00946nam a22002417a 4500 | ||
|---|---|---|---|
| 999 |
_c22579 _d22579 |
||
| 003 | AR-CdUCM | ||
| 008 | 190513b ||||| |||| 00| 0 spa d | ||
| 020 | _a9786124349171 | ||
| 040 |
_aMUNICIPALIDAD PROVINCIAL DEL CUSCO _cBIBLIOTECA MUNICIPAL DEL CUSCO |
||
| 041 | _hspa | ||
| 082 |
_aES/828.9929/D16D _bD16D |
||
| 100 |
_aDahl, Roald _932719 |
||
| 245 |
_aDanny, el campeón del mundo / _cRoald Dahl ; ilustraciones de Quentin Blake ; traducción de Maribel de Juan |
||
| 260 |
_aLima : _bAlfaguara, _c2020. |
||
| 300 |
_a236 páginas, 2 páginas sin enumerar : _bilustraciones ; _c22 cm. |
||
| 500 | _aTraducción de: Danny the champion of the world. "Más de 200 millones de libros vendidos en el mundo"--Cubierta. | ||
| 650 |
_aCuentos infantiles galeses _948561 |
||
| 650 |
_aSiglo XX _948559 |
||
| 700 |
_aBlake, Quentin _eilustrador _930535 |
||
| 700 |
_aJuan, Maribel de _etraductor _948562 |
||
| 942 |
_2ddc _cLIBROS |
||
| 945 | _arac | ||